000 00696nam a2200289Ia 4500
005 20260324133711.0
008 008 260324s9999 xx 000 0 eng d
020 _a9780429223662
037 _aEBOOK
040 _aCRL
040 _beng
040 _cCRL
041 _2eng
041 _aeng
084 _qCRL
100 _aIsrael Rubinstein; Allen J. Bard
_91194062
245 0 _aElectroanalytical Chemistry
245 2 _bA Series of Advances: Volume 22
260 _bTaylor and Francis
260 _c2003
365 _a
365 _b680
856 _uhttp://www.taylorfrancis.com/books/9780429223662
942 _cEBOOK
999 _c1793394
_d1793394